| 000 | 00792nam a22001937a 4500 | ||
|---|---|---|---|
| 005 | 20250711144549.0 | ||
| 008 | 250711b |||||||| |||| 00| 0 eng d | ||
| 037 | _cTB | ||
| 040 |
_aCRL _cCRL |
||
| 084 |
_aNW44 152Q3 _qCRL |
||
| 245 | _aभारतीय सिनेमा का सफरनामा | ||
| 260 |
_aनई दिल्ली, भारत: _b प्रकाशन विभाग सूचना और प्रसारण मंत्रालय _c2013. |
||
| 300 | _a196पृ0 | ||
| 365 |
_b280.00 _cINR |
||
| 650 | _2 ललित कला | ||
| 700 |
_aजयसिंह _eEditor _9815388 |
||
| 942 |
_2CC _cTB _hNW44 152Q3 _n0 |
||
| 999 |
_c1433581 _d1433581 |
||